00612nam a22001937a 45000010005000000030009000050050017000140080041000310400038000720820021001102450041001312600046001723000020002185000080002385050011003186500023003296510037003527100029003894912BD-DhUAP20210103110413.0200303s1977 bg a|||| b||| 001 0 eng d aBD-DhUAPbEngcBD-DhUAPdBD-DhUAP 223a378.5492 UNI aUniversity of Dhaka :bthe calendar. aDhaka :bThe University of Dhaka,cc1997. aparts ;c22 cm. aDhaka University ordinance & regulations (as amended upto September, 1997). aP. 2-- aEducation, Higher. aBangladeshvUniversity of Dhaka. aThe University of Dhaka.